|
|
|
|
| LEADER |
00000nam0a2200000 4500 |
| 001 |
257653 |
| 005 |
20231101233225.0 |
| 010 |
|
|
|a 9785699629442
|
| 035 |
|
|
|a (RuTPU)RU\TPU\book\280468
|
| 090 |
|
|
|a 257653
|
| 100 |
|
|
|a 20140418d2013 m y0rusy50 ca
|
| 101 |
0 |
|
|a rus
|
| 102 |
|
|
|a RU
|
| 105 |
|
|
|a a z 000zy
|
| 200 |
1 |
|
|a Декупаж
|e самый полный и понятный самоучитель
|f А. А. Зайцева
|
| 210 |
|
|
|a Москва
|c Эксмо
|d 2013
|
| 215 |
|
|
|a 96 с.
|c ил.
|
| 320 |
|
|
|a Алфавитный указатель терминов: с. 93.
|
| 330 |
|
|
|a Декоративные возможности декупажа воистину безграничны! Предлагаем вашему вниманию, пожалуй, самое понятное и подробное издание, посвященное декупажу и написанное специально для новичков известным российским автором Анной Зайцевой! Вы найдете здесь всю необходимую информацию: начиная от перечня необходимых материалов и инструментов и заканчивая необычными спецэффектами на различных основах, включая дерево, стекло, металл и даже ткань!
|
| 606 |
1 |
|
|a Декупаж
|2 stltpush
|3 (RuTPU)RU\TPU\subj\73358
|9 86390
|
| 610 |
1 |
|
|a декоративно-прикладное искусство
|
| 610 |
1 |
|
|a поделки
|
| 610 |
1 |
|
|a бумага
|
| 610 |
1 |
|
|a декорирование
|
| 610 |
1 |
|
|a рукоделие
|
| 675 |
|
|
|a 745
|v 3
|
| 700 |
|
1 |
|a Зайцева
|b А. А.
|g Анна Анатольевна
|
| 801 |
|
1 |
|a RU
|b 63413507
|c 20140418
|
| 801 |
|
2 |
|a RU
|b 63413507
|c 20140710
|g RCR
|
| 900 |
|
|
|a Объемное моделирование
|
| 942 |
|
|
|c BK
|
| 959 |
|
|
|a 67/20140410
|d 1
|e 0
|f ХФ:1
|